MARC

LEADER 00000nam0a2200000 4500
001 27626
005 20231030202246.0
010 |a 5296001184 
035 |a (RuTPU)RU\TPU\book\27879 
035 |a BOOK00027954 
090 |a 27626 
100 |a 20011209d2000 u y0rusy50 ca 
101 0 |a rus 
102 |a RU 
105 |a  f 000|y 
200 1 |a Микроэкономика. Теория и российская практика  |e учебник для вузов  |f Под ред. А. Г. Грязновой, А. Ю. Юданова 
205 |a 2 изд. 
210 |a Москва  |c КноРус  |d 2000 
215 |a 544 с. 
451 1 |0 (RuTPU)RU\TPU\book\38046  |y 5-296-00118-4  |t Микроэкономика  |e 2-е изд.  |c М.  |n КноРус  |d 2001  |p 542 с. 
451 1 |0 (RuTPU)RU\TPU\book\13577  |y 5859710127  |t Теория и российская практика  |o учебник для вузов  |f Финансовая академия при Правительстве Российской Федерации; Под ред. А. Г. Грязновой, А. Ю. Юдановой  |c М.  |n КНОРУС  |d 1999  |p 542 с. 
451 |t Микроэкономика. Теория и российская практика  |o учебник  |f под ред. А. Г. Грязновой, А. Ю. Юданова 
610 1 |a экономика 
610 1 |a экономическая теория 
610 1 |a микроэкономика 
610 1 |a теория 
610 1 |a практика 
610 1 |a Россия 
610 1 |a история 
610 1 |a экономическая мысль 
610 1 |a рыночная экономика 
610 1 |a деньги 
610 1 |a спрос 
610 1 |a предложения 
610 1 |a рыночное равновесие 
610 1 |a издержки 
610 1 |a фирмы 
610 1 |a конкуренция 
610 1 |a современная конкуренция 
610 1 |a монополистичекая конкуренция 
610 1 |a олигополия 
610 1 |a монополии 
610 1 |a труд 
610 1 |a заработная плата 
610 1 |a капитал 
610 1 |a природные ресурсы 
610 1 |a предприятия 
610 1 |a бизнес 
610 1 |a учебные пособия 
686 |a У012.1я73  |v LBC/SL-A  |2 rubbk 
702 1 |a Грязнова  |b А. Г  |4 340 
702 1 |a Юданов  |b А. Ю  |4 340 
801 0 |a RU  |b 63413507  |c 20011209  |g PSBO 
801 2 |a RU  |b 63413507  |c 20090831  |g PSBO 
942 |c BK